El Delito de publicidad engaǫsa

Detalles Bibliográficos
Autor principal: Maca̕s Espejo, Belň (autor)
Formato: Libro
Lenguaje:español
Publicado: Madrid: Dykinson, 2017
Colección:Monografa̕s de Derecho Penal
Materias:
Acceso en línea:Acceso restringido

MARC

LEADER 00000nam a22000004i 4500
001 .b69111844
005 20171018184214.0
007 cr||||| |||||
008 170213s2017 sp |||||||||| 000|0 spasd
017 |a DL M 42971-2016  |b Oficina DL Madrid 
020 |a 9788491480792  
035 |a 20746 
040 |a  ES-BaICA  |b cat  |e rda  |c ES-BaICA   |d vLex 
080 |a 659 
090 |c 7125  |d 7125 
100 1 |a Maca̕s Espejo, Belň  |e autor 
245 1 3 |a El Delito de publicidad engaǫsa  |h [Recurso electrn̤ico] /  |c Belň Maca̕s Espejo 
256 |a Servicio en ln̕ea 
260 |a Madrid:  |b Dykinson,  |c 2017 
300 |a 1 recurso electrn̤ico (218p.)  
490 0 |a Monografa̕s de Derecho Penal 
500 |a La obra que se presenta constituye un estudio completo del delito de publicidad engaǫsa. Desde tal dimensin̤, la autora realiza un exhaustivo anl̀isis de las cuestiones nucleares que ataęn el artc̕ulo 282 del Texto punitivo; fijando la investigacin̤ en los diversos interrogantes dogmt̀icos y polt̕icos criminales que el delito plantea. Con sumo detalle, contempla el contexto normativo de dicha figura, e incide en el bien jurd̕ico protegido, tanto en los delitos socioeconm̤icos, como en los dirigidos estrictamente contra los consumidores, adems̀ de acometer, con profundidad, el examen del bien tutelado en el delito publicitario. Igualmente, a travš de una metodologa̕ sistematizada, individualiza la aplicacin̤ de cada uno de los elementos que componen el tipo; abordando interesantes reflexiones doctrinales y jurisprudenciales y sugiriendo atractivas propuestas, de lege ferenda y lege data, que nos acercan a la justificacin̤ de tal incriminacin̤ penal. 
506 1 |a Disponible solo en los productos indicados  |d vLex Global  |d vLex Global (Academic Edition, excluding Law Schools)  |d vLex Global (U.S. Academic Edition, Law Schools)  |d vLex Global (U.S. Academic Edition, excluding Law Schools)  |d vLex Global (Academic Edition, Law Schools) 
650 0 4 |a Publicidad  |z Espaą 
650 0 4 |a Derecho penal  |z Espaą 
740 0 |a vLex libros (Servicio en ln̕ea) 
856 |z Acceso restringido  |u http://vlex.com/source/delito-de-publicidad-enga-osa-20746 
942 |c BOOK 
999 0 |a Advertising 
999 0 |a Derecho penal